Hán Sở diễn nghĩa
שמור ב:
| מחבר ראשי: | |
|---|---|
| פורמט: | ספר |
| שפה: | Undetermined |
| יצא לאור: |
Hà Nội
Văn học
2019
|
| נושאים: | |
| תגים: |
הוספת תג
אין תגיות, היה/י הראשונ/ה לתייג את הרשומה!
|
| Thư viện lưu trữ: | Trung tâm Học liệu Trường Đại học Cần Thơ |
|---|
| LEADER | 00588nam a2200193Ia 4500 | ||
|---|---|---|---|
| 001 | CTU_232349 | ||
| 008 | 210402s9999 xx 000 0 und d | ||
| 020 | |c 190000 | ||
| 082 | |a 895.13081 | ||
| 082 | |b V300 | ||
| 100 | |a Chân, Vĩ | ||
| 245 | 0 | |a Hán Sở diễn nghĩa | |
| 245 | 0 | |c Chân Vĩ ; Châu Hải Đường (dịch) | |
| 260 | |a Hà Nội | ||
| 260 | |b Văn học | ||
| 260 | |c 2019 | ||
| 650 | |a Tiểu thuyết lịch sử Trung Quốc,Historical fiction, Chinese | ||
| 910 | |b nthai | ||
| 980 | |a Trung tâm Học liệu Trường Đại học Cần Thơ | ||